L'intellectualisme de Saint Thomas
Guardat en:
| Autor principal: | |
|---|---|
| Format: | Llibre |
| Idioma: | francès |
| Publicat: |
París
Gabriel Beauchesne
1936
|
| Edició: | 3a. ed |
| Col·lecció: | Bibliothèque des Archives de Philosophie
|
| Matèries: | |
| Etiquetes: |
Afegir etiqueta
Sense etiquetes, Sigues el primer a etiquetar aquest registre!
|
MARC
| LEADER | 00000nam a2200000 a 4500 | ||
|---|---|---|---|
| 001 | UCZ5171 | ||
| 003 | CL-VaPUC | ||
| 008 | 951117e19360000FR |||||||||||||||||fre|d | ||
| 082 | 0 | 4 | |a 189.4 |b ROU |2 21 |
| 100 | 0 | |a Rousselot, Pierre |e author |9 349127 | |
| 245 | 1 | 2 | |a L'intellectualisme de Saint Thomas |
| 250 | |a 3a. ed | ||
| 300 | |a 259 p | ||
| 942 | |c BK | ||
| 945 | |d 19951117 00:00:00 |a cmena | ||
| 260 | |a París |b Gabriel Beauchesne |c 1936 | ||
| 600 | 0 | |a Tomás de Aquino |d 1220-1274 |c Santo |9 255832 | |
| 650 | 0 | |a Escolasticismo |9 264998 | |
| 650 | 0 | |a Tomismo |9 259214 | |
| 650 | 0 | |a Filosofía medieval |9 256245 | |
| 650 | 0 | |a Naturaleza humana |9 308593 | |
| 650 | 0 | |a Inteligencia |9 267038 | |
| 583 | |a last modification |c 19951117 00:00:00 |k Rodrigo Vera | ||
| 490 | 0 | |a Bibliothèque des Archives de Philosophie | |
| 999 | |c 241493 |d 241491 | ||
| 952 | |0 0 |1 0 |4 0 |6 189_400000000000000_ROU_1936 |7 0 |8 P |9 253826 |a BIBEDU |b BIBEDU |c BIBEDU_PB |d 2019-11-19 |i 1572369 |o 189.4 ROU 1936 |p 1572369 |r 2024-01-25 |w 2019-11-19 |y BK |k FIL | ||